Statistiques concernant Seulement 20 Pays Sur la Carte du Monde #3

Cliquez ici pour prendre le quiz!

Statistiques générales

  • Ce quiz a été pris 456 fois
  • Le résultat moyen est 18 sur 20

Statistiques - réponses

Pays % Correct
Etats-Unis
100%
Japon
98%
Madagascar
98%
Suède
98%
Islande
97%
Maroc
97%
Tunisie
95%
Nouvelle-Zélande
95%
Bolivie
95%
Uruguay
94%
Venezuela
93%
Cuba
93%
Soudan
91%
Rép. dém. du Congo
91%
Papouasie-Nouvelle-Guinée
90%
Lituanie
88%
Panama
86%
Ouzbékistan
76%
Géorgie
74%
Bosnie-Herzégovine
72%

Distribution des résultats

Percentile by Number Answered

% des personnes avec chaque résultat

Votre développement - résultats

Vous n’avez pas pris ce quiz